000
00318nam a2200133Ia 4500
005
20260328104303.0
008
260328s9999||||xx |||||||||||||| ||und||
100
_a
Plumb, J.H.
245
4
_a
The Italian Renaissance /
_c
J.H. Plumb
260
_b
Houghton Mifflin
300
_a
318 p.
650
_a
ITALIA
942
_c
BK
999
_c
10648
_d
10648